Guerra de la independencia (1808-1814) (Record no. 70213)
[ view plain ]
| 000 -LEADER | |
|---|---|
| campo de control de longitud fija | 00872nam a2200193 i 4500 |
| 001 - NÚMERO DE CONTROL | |
| campo de control | 70213 |
| 003 - IDENTIFICADOR DE NÚMERO DE CONTROL | |
| campo de control | ES-MaACL |
| 005 - FECHA Y HORA DE LA ÚLTIMA TRANSACCIÓN | |
| campo de control | 20230906170745.0 |
| 007 - CAMPO FIJO DE DESCRIPCIÓN FÍSICA--INFORMACIÓN GENERAL | |
| campo de control de longitud fija | t| |
| 008 - DATOS DE LONGITUD FIJA--INFORMACIÓN GENERAL | |
| campo de control de longitud fija | 040720s1959 sp ||||1| spa d |
| 100 1# - ENTRADA PRINCIPAL--NOMBRE DE PERSONA | |
| Nombre de persona | García Prado, Justiniano. |
| 9 (RLIN) | 55134 |
| 245 10 - MENCIÓN DEL TÍTULO | |
| Título | Guerra de la independencia (1808-1814) |
| Resto del título | : "Asturias, nunca vencida" en operaciones militares en el principado / |
| Mención de responsabilidad, etc. | por Justiniano García Prado. |
| 260 ## - PUBLICACIÓN, DISTRIBUCIÓN, ETC. | |
| Lugar de publicación, distribución, etc. | [Oviedo : |
| Nombre del editor, distribuidor, etc. | s.n., |
| Fecha de publicación, distribución, etc. | 1959] ( |
| Fabricante | Tip. Residencia Provincial de Niños) |
| 300 ## - DESCRIPCIÓN FÍSICA | |
| Extensión | 157 p., 25 lám. : |
| Otras características físicas | il. ; |
| Dimensiones | 24 cm. |
| 500 ## - NOTA GENERAL | |
| Nota general | Precede al tít.: Diputación Provincial de Oviedo, II Congreso Internacional de la Guerra de la Independencia. |
| 710 00 - ENTRADA AGREGADA--NOMBRE DE ENTIDAD CORPORATIVA | |
| Nombre de entidad corporativa o nombre de jurisdicción como elemento de entrada | Oviedo (Provincia). |
| Unidad subordinada | Diputación Provincial. |
| 9 (RLIN) | 6085 |
| 711 2# - ENTRADA AGREGADA--NOMBRE DE REUNIÓN | |
| Nombre de congreso/reunión o jurisdicción como elemento de entrada | Congreso Internacional de la Guerra de la Independencia ( |
| Número del congreso/reunión o número de parte o sección | 2º. |
| Sede del congreso/Lugar de la reunión | Oviedo) |
| 9 (RLIN) | 439 |
| 852 ## - LOCALIZACIÓN | |
| Ubicación | ES-MaACL |
| Número de control de estantería | C-16946 |
| Sublocalización o colección | R.44578 |
| Estatus retirado | Estado de pérdida | Estado de daño | No para préstamo | Biblioteca de origen | Biblioteca actual | Ubicación en estantería | Fecha de adquisición | Fuente de adquisición | Total de préstamos | Signatura topográfica completa | Código de barras | Visto por última vez | Precio de reemplazo | Tipo de ítem Koha |
|---|---|---|---|---|---|---|---|---|---|---|---|---|---|---|
| Biblioteca del Ateneo de Madrid | Biblioteca del Ateneo de Madrid | Galería | 17/01/2008 | C-16946 | 1073522 | 23/02/2023 | 23/02/2023 | Libro impreso |
